000
00270nam a2200109Ia 4500
008
230206s9999 xx 000 0 und d
022
_a
0970-2385
041
_a
eng
245
_a
Abhigyan : The Management Journal of Fore
260
_b
Direct
650
_a
General Management
999
_c
97618
_d
97618